La crisis de la deuda pb︢lica autonm̤ica (2010-2020)

Bibliographic Details
Main Author: Calvo Vřgez, Juan
Format: eBook
Language:Spanish
Published: Madrid: Dykinson, 2022
Subjects:
Online Access:Acceso restringido

MARC

LEADER 00000nam a22000007a 4500
005 20220920012043.0
007 cr|||| ||||
008 220920s2022 es |||||s|||| 00||0 spa d
020 |a 978-84-1122-339-3 
035 |a 37094 
040 |a vLex 
090 |c 13966  |d 13966 
100 1 |a Calvo Vřgez, Juan 
245 1 2 |a  La crisis de la deuda pb︢lica autonm̤ica (2010-2020)  |h [Recurso electrn̤ico] /  |c Juan Calvo Vřgez 
256 |a Servicio en ln̕ea 
260 |a Madrid:  |b Dykinson,  |c 2022 
300 |a 1 recurso electrn̤ico 
500 |a Como es sabido a lo largo de estos l︢timos aǫs se ha venido desatando un intenso debate en torno a la capacidad de endeudarse por parte de los Entes Regionales. Ciertamente constituye un hecho innegable que, por parte del conjunto de las Comunidades Autn̤omas (CC.AA.), se ha estado incurriendo en una situacin̤ en la que se han frenado pagos, ayudas e inversin̤ para cuadrar las cuentas. Los Ejecutivos regionales se han estado viendo forzados a retrasar el pago de algunos capt̕ulos de sus partidas presupuestarias para hacer frente a los salarios de los funcionarios y sus compromisos con la banca... 
506 1 |a Disponible solo en los productos indicados  |d vLex Global  |d vLex Global (Academic Edition, excluding Law Schools)  |d vLex Global (U.S. Academic Edition, Law Schools)  |d vLex Global (U.S. Academic Edition, excluding Law Schools)  |d vLex Global (Academic Edition, Law Schools) 
650 0 4 |a Derecho Tributario  |z Espaą 
650 0 4 |a Financiero  |z Espaą 
740 0 |a vLex Libros (Servicio en ln̕ea) 
856 4 0 |u https://app.vlex.com/#/sources/37094  |z Acceso restringido 
942 |c BOOK 
999 0 |a Tax Law 
999 0 |a Financial